000
00310nam a2200121Ia 4500
005
20251222144838.0
008
251222s9999||||xx |||||||||||||| ||spa||
082
_a
985.612.1/L762
100
_a
Llosa Ricketts, Luis Felipe
245
0
_a
Santuario Histórico de Machu Picchu
264
_b
Unimundo
942
_c
LIB
999
_c
21111
_d
21111